|
|
|
|
| LEADER |
00000cam a2200000 7i4500 |
| 001 |
0000024488 |
| 005 |
20081226.0 |
| 008 |
071126 |
| 020 |
|
|
|a 9830990745
|
| 090 |
0 |
0 |
|a 297.2112
|b ALI
|
| 100 |
0 |
|
|a Ali Akbar Osman
|
| 245 |
1 |
0 |
|a Asmaul husna :
|b 99 nama Allah
|c Ali Akbar Osman
|
| 246 |
1 |
0 |
|a Asmaul husna: sembilan puluh sembilan
|
| 260 |
|
|
|a Kuala Lumpur :
|b Al-Hidayah Publication ,
|c 2007
|
| 650 |
|
0 |
|a God (Islam)
|x Attributes
|
| 650 |
|
0 |
|a God (Islam)
|x Name
|
| 740 |
0 |
|
|a Makna dan khasiat Asmaul Husna
|
| 999 |
|
|
|a 0000762129
|b Book
|c Adult Collection
|e Cawangan Muar
|
| 999 |
|
|
|a 0000933674
|b Book
|c Adult Collection
|e Cawangan Tangkak
|
| 999 |
|
|
|a 0001039213
|b Book
|c Adult Collection
|e Perbadanan Perpustakaan Awam Johor
|
| 999 |
|
|
|a 0001262057
|b Book
|c Adult Collection
|e Perbadanan Perpustakaan Awam Johor
|